| 000 | 00563nam a22001937a 4500 | ||
|---|---|---|---|
| 003 | DO-SdBNP | ||
| 005 | 20180125133813.0 | ||
| 008 | 160316b spa||||| |||| 00| 0 spa d | ||
| 020 | _a8477220107 | ||
| 040 |
_aBPMSU _bspa _cBPMSU |
||
| 100 | _aSimon, Morris | ||
| 245 |
_aEn las entrañas del volcán / _cMorris Simon |
||
| 260 |
_aBarcelona : _bTimun Mas _c1985 |
||
| 300 |
_a157 p. : _bil. : _c19 cm |
||
| 490 | _aCol. Aventura sin fin ; no. 17, Serie de Dungeons & Dragons | ||
| 942 |
_2ddc _cBK |
||
| 945 | _ainventariado, 2018 / dg | ||
| 956 | _adaysi garcia | ||
| 999 |
_c9258 _d9258 |
||